[Event "Fagernes GM Swiss 2020"]
[Site "Fagernes"]
[Date "2020.10.09"]
[Round "7.17"]
[White "Krivenko, Dion"]
[Black "Fossan, Aleksander"]
[Result "1-0"]
[WhiteElo "2047"]
[BlackElo "2171"]
[Annotator "ChessBase"]
[PlyCount "114"]
[EventDate "2020.10.04"]
[EventType "swiss"]
[EventCountry "NOR"]
[SourceTitle "playchess.com"]
[Source "ChessBase"]
[SourceQuality "1"]
[TimeControl "40/6000+30:2400+30"]

1. e4 {[%emt 0:00:00]} c5 {[%emt 0:00:00]} 2. Nf3 {[%emt 0:00:00]} g6 {[%emt 0:00:00]} 3. d4 {[%emt 0:00:07]} cxd4 {[%emt 0:00:00]} 4. Qxd4 {[%emt 0:00:06]} Nf6 {[%emt 0:00:00]} 5. e5 {[%emt 0:00:09]} Nc6 {[%emt 0:00:00]} 6. Qa4 {[%emt 0:00:07]} Nd5 {[%emt 0:00:03]} 7. Qe4 {[%emt 0:00:07]} Ndb4 {[%emt 0:02:12]} 8. Bb5 {[%emt 0:05:54]} a6 {[%emt 0:00:32]} 9. Bxc6 {[%emt 0:01:17]} Nxc6 {[%emt 0:00:07]} 10. Nc3 {[%emt 0:01:00]} d6 {[%emt 0:06:03]} 11. exd6 {[%emt 0:03:27]} Qxd6 {[%emt 0:01:33]} 12. Bf4 {[%emt 0:05:17]} Qe6 {[%emt 0:04:16]} 13. O-O-O {[%emt 0:10:10]} Qxe4 {[%emt 0:15:59]} 14. Nxe4 {[%emt 0:00:11]} Bg7 {[%emt 0:00:12]} 15. Nc5 {[%emt 0:11:20]} O-O {[%emt 0:02:32]} 16. h3 {[%emt 0:10:08]} e5 {[%emt 0:10:07]} 17. Be3 {[%emt 0:01:33]} Re8 {[%emt 0:05:53]} 18. Nd2 {[%emt 0:08:09]} b6 {[%emt 0:19:27]} 19. Nce4 {[%emt 0:04:04]} Be6 {[%emt 0:08:03]} 20. Bg5 {[%emt 0:11:51]} f5 {[%emt 0:02:11]} 21. Nf6+ {[%emt 0:09:22]} Bxf6 {[%emt 0:00:01]} 22. Bxf6 {[%emt 0:00:01]} Kf7 {[%emt 0:01:11]} 23. Bg5 {[%emt 0:03:10]} Rac8 {[%emt 0:03:34]} 24. Nf3 {[%emt 0:04:26]} e4 {[%emt 0:07:24]} 25. Nd4 {[%emt 0:00:16]} Nb4 {[%emt 0:00:44]} 26. Nxe6 {[%emt 0:06:29]} Kxe6 {[%emt 0:00:19]} 27. Rd2 {[%emt 0:01:18]} Rc6 {[%emt 0:09:24]} 28. a3 {[%emt 0:01:57]} Nd3+ {[%emt 0:00:08]} 29. Kb1 {[%emt 0:00:02]} Ne5 {[%emt 0:00:21]} 30. Rhd1 {[%emt 0:02:01]} Nf7 {[%emt 0:03:18]} 31. Be3 {[%emt 0:00:12]} Rec8 {[%emt 0:01:35]} 32. Re1 {[%emt 0:07:18]} g5 {[%emt 0:02:27]} 33. g3 {[%emt 0:00:15]} Kf6 {[%emt 0:00:32]} 34. Red1 {[%emt 0:00:29]} Ke6 {[%emt 0:00:39]} 35. Rh1 {[%emt 0:01:15]} Ne5 {[%emt 0:00:41]} 36. Rhd1 {[%emt 0:01:21]} h6 {[%emt 0:04:40]} 37. Rd8 {[%emt 0:02:40]} b5 {[%emt 0:00:27]} 38. Rxc8 {[%emt 0:00:15]} Rxc8 {[%emt 0:00:01]} 39. b3 {[%emt 0:01:00]} Rf8 {[%emt 0:00:52]} 40. Bc5 {[%emt 0:00:05]} Rc8 {[%emt 0:00:52]} 41. Rd6+ {[%emt 0:06:13]} Kf7 {[%emt 0:00:21]} 42. Bd4 {[%emt 0:00:59]} Nf3 {[%emt 0:05:41]} 43. Bb2 {[%emt 0:10:16]} Rc5 {[%emt 0:09:50]} 44. b4 {[%emt 0:04:17]} Rc4 {[%emt 0:00:01]} 45. Rxh6 {[%emt 0:02:57]} Ne1 {[%emt 0:00:54]} 46. Rf6+ {[%emt 0:01:17]} Ke7 {[%emt 0:00:26]} 47. Rxf5 {[%emt 0:00:42]} Kd6 {[%emt 0:01:03]} 48. h4 {[%emt 0:10:48]} gxh4 {[%emt 0:00:21]} 49. gxh4 {[%emt 0:00:00]} Rxc2 {[%emt 0:00:34]} 50. h5 {[%emt 0:00:29]} Rc7 {[%emt 0:02:45]} 51. h6 {[%emt 0:00:40]} Rh7 {[%emt 0:01:25]} 52. Bg7 {[%emt 0:00:13]} Nd3 {[%emt 0:00:16]} 53. Kc2 {[%emt 0:00:52]} Ke6 {[%emt 0:24:33]} 54. Rf6+ {[%emt 0:00:38]} Kd5 {[%emt 0:00:00]} 55. Kd2 {[%emt 0:00:40]} Kc4 {[%emt 0:00:00]} 56. Ke3 {[%emt 0:01:08]} Kb3 {[%emt 0:00:00]} 57. Kxe4 {[%emt 0:00:36]} Nb2 {[%emt 0:00:00]} 1-0

[Event "Fagernes GM Swiss 2020"]
[Site "Fagernes"]
[Date "2020.10.09"]
[Round "7.18"]
[White "Brodtkorb, Lars Johan"]
[Black "Mansoor, Afras"]
[Result "0-1"]
[WhiteElo "2166"]
[BlackElo "2117"]
[Annotator "ChessBase"]
[PlyCount "56"]
[EventDate "2020.10.04"]
[EventType "swiss"]
[EventCountry "NOR"]
[SourceTitle "playchess.com"]
[Source "ChessBase"]
[SourceQuality "1"]
[TimeControl "40/6000+30:2400+30"]

1. d4 {[%emt 0:13:09]} Nf6 {[%emt 0:00:00]} 2. c4 {[%emt 0:00:08]} g6 {[%emt 0:00:00]} 3. f3 {[%emt 0:00:25]} Bg7 {[%emt 0:00:00]} 4. e4 {[%emt 0:00:07]} d6 {[%emt 0:00:00]} 5. Nc3 {[%emt 0:00:09]} O-O {[%emt 0:00:00]} 6. Be3 {[%emt 0:00:14]} a6 {[%emt 0:00:06]} 7. Qd2 {[%emt 0:00:32]} Nbd7 {[%emt 0:00:07]} 8. O-O-O {[%emt 0:00:36]} b5 {[%emt 0:03:33]} 9. e5 {[%emt 0:00:35]} b4 {[%emt 0:05:12]} 10. Na4 {[%emt 0:02:03]} Ne8 {[%emt 0:00:13]} 11. c5 {[%emt 0:01:34]} c6 {[%emt 0:25:48]} 12. f4 {[%emt 0:09:20]} Qa5 {[%emt 0:01:39]} 13. b3 {[%emt 0:20:28]} Nc7 {[%emt 0:01:20]} 14. Bc4 {[%emt 0:04:56]} Nd5 {[%emt 0:09:00]} 15. Ne2 {[%emt 0:01:48]} Rd8 {[%emt 0:01:40]} 16. h4 {[%emt 0:10:52]} Nf8 {[%emt 0:23:31]} 17. h5 {[%emt 0:04:02]} dxc5 {[%emt 0:11:26]} 18. hxg6 {[%emt 0:05:44]} hxg6 {[%emt 0:03:17]} 19. Rh4 {[%emt 0:13:19]} Be6 {[%emt 0:07:09]} 20. Rdh1 {[%emt 0:05:42]} Nxe3 {[%emt 0:07:24]} 21. Bxe6 {[%emt 0:03:18]} cxd4 {[%emt 0:04:42]} 22. Nxd4 {[%emt 0:02:51]} Nxe6 {[%emt 0:02:15]} 23. Qxe3 {[%emt 0:01:06]} Nxd4 {[%emt 0:01:12]} 24. Rh7 {[%emt 0:06:34]} f5 {[%emt 0:02:26]} 25. exf6 {[%emt 0:02:24]} Bxf6 {[%emt 0:00:00]} 26. g4 {[%emt 0:00:30]} Qb5 {[%emt 0:00:20]} 27. g5 {[%emt 0:00:30]} Qe2 {[%emt 0:00:28]} 28. Qxd4 {[%emt 0:00:32]} Bxd4 {[%emt 0:00:12]} 0-1

[Event "Fagernes GM Swiss 2020"]
[Site "Fagernes"]
[Date "2020.10.09"]
[Round "7.19"]
[White "Sorensen, Simen"]
[Black "Skaslien, Ingrid"]
[Result "1-0"]
[WhiteElo "2047"]
[BlackElo "1976"]
[Annotator "ChessBase"]
[PlyCount "67"]
[EventDate "2020.10.04"]
[EventType "swiss"]
[EventCountry "NOR"]
[SourceTitle "playchess.com"]
[Source "ChessBase"]
[SourceQuality "1"]
[TimeControl "40/6000+30:2400+30"]

1. d4 {[%emt 0:00:00]} Nf6 {[%emt 0:00:00]} 2. c4 {[%emt 0:00:08]} e6 {[%emt 0:00:00]} 3. Nf3 {[%emt 0:00:15]} d5 {[%emt 0:00:12]} 4. Nc3 {[%emt 0:00:21]} c6 {[%emt 0:00:15]} 5. Bg5 {[%emt 0:09:42]} h6 {[%emt 0:00:43]} 6. Bxf6 {[%emt 0:01:21]} Qxf6 {[%emt 0:00:59]} 7. e3 {[%emt 0:01:04]} Nd7 {[%emt 0:10:08]} 8. Qc2 {[%emt 0:14:49]} Bd6 {[%emt 0:12:52]} 9. cxd5 {[%emt 0:08:17]} exd5 {[%emt 0:00:50]} 10. Bd3 {[%emt 0:02:49]} O-O {[%emt 0:03:41]} 11. O-O {[%emt 0:02:45]} Qd8 {[%emt 0:02:33]} 12. Rab1 {[%emt 0:06:24]} Re8 {[%emt 0:15:53]} 13. b4 {[%emt 0:09:30]} a6 {[%emt 0:04:23]} 14. a4 {[%emt 0:01:20]} Nf6 {[%emt 0:00:49]} 15. b5 {[%emt 0:16:33]} axb5 {[%emt 0:00:53]} 16. axb5 {[%emt 0:00:09]} Bg4 {[%emt 0:00:23]} 17. Bf5 {[%emt 0:10:30]} Bxf3 {[%emt 0:15:31]} 18. gxf3 {[%emt 0:00:21]} Nh5 {[%emt 0:00:56]} 19. Ne2 {[%emt 0:04:18]} Qg5+ {[%emt 0:06:38]} 20. Ng3 {[%emt 0:01:49]} g6 {[%emt 0:10:11]} 21. f4 {[%emt 0:03:54]} Qf6 {[%emt 0:06:37]} 22. Nxh5 {[%emt 0:00:39]} gxh5 {[%emt 0:00:04]} 23. bxc6 {[%emt 0:00:40]} bxc6 {[%emt 0:02:01]} 24. Rb6 {[%emt 0:01:24]} Kh8 {[%emt 0:03:59]} 25. Rxc6 {[%emt 0:01:52]} Rg8+ {[%emt 0:02:37]} 26. Kh1 {[%emt 0:00:06]} Qg7 {[%emt 0:00:09]} 27. Bh3 {[%emt 0:00:51]} Be7 {[%emt 0:03:17]} 28. Qf5 {[%emt 0:02:47]} Ra2 {[%emt 0:02:48]} 29. Qxh5 {[%emt 0:00:31]} f6 {[%emt 0:01:33]} 30. Rcc1 {[%emt 0:00:49]} Ra5 {[%emt 0:02:01]} 31. Rg1 {[%emt 0:00:49]} Qf8 {[%emt 0:00:19]} 32. Rxg8+ {[%emt 0:00:18]} Kxg8 {[%emt 0:00:11]} 33. Rg1+ {[%emt 0:00:31]} Kh8 {[%emt 0:00:06]} 34. Be6 {[%emt 0:00:27]} 1-0

[Event "Fagernes GM Swiss 2020"]
[Site "Fagernes"]
[Date "2020.10.09"]
[Round "7.20"]
[White "Bentsen, Hakon"]
[Black "Nielsen, Andre"]
[Result "1/2-1/2"]
[WhiteElo "2120"]
[BlackElo "2218"]
[Annotator "ChessBase"]
[PlyCount "71"]
[EventDate "2020.10.04"]
[EventType "swiss"]
[EventCountry "NOR"]
[SourceTitle "playchess.com"]
[Source "ChessBase"]
[SourceQuality "1"]
[TimeControl "40/6000+30:2400+30"]

1. e4 {[%emt 0:00:00]} e5 {[%emt 0:00:00]} 2. Nf3 {[%emt 0:00:00]} Nc6 {[%emt 0:00:00]} 3. Bc4 {[%emt 0:00:00]} Nf6 {[%emt 0:00:33]} 4. d3 {[%emt 0:00:15]} Bc5 {[%emt 0:00:15]} 5. c3 {[%emt 0:00:15]} a6 {[%emt 0:00:49]} 6. a4 {[%emt 0:00:31]} d6 {[%emt 0:02:29]} 7. h3 {[%emt 0:02:03]} Ba7 {[%emt 0:02:00]} 8. O-O {[%emt 0:00:25]} h6 {[%emt 0:02:35]} 9. Na3 {[%emt 0:08:02]} Ne7 {[%emt 0:17:44]} 10. Nc2 {[%emt 0:01:00]} Ng6 {[%emt 0:00:49]} 11. Be3 {[%emt 0:04:29]} O-O {[%emt 0:08:44]} 12. Re1 {[%emt 0:16:36]} Bb8 {[%emt 0:24:05]} 13. Bc1 {[%emt 0:07:24]} c6 {[%emt 0:01:18]} 14. d4 {[%emt 0:08:07]} Nxe4 {[%emt 0:07:01]} 15. dxe5 {[%emt 0:00:45]} d5 {[%emt 0:05:35]} 16. Bd3 {[%emt 0:00:07]} f5 {[%emt 0:09:56]} 17. exf6 {[%emt 0:02:28]} Qxf6 {[%emt 0:00:11]} 18. Bxe4 {[%emt 0:03:53]} dxe4 {[%emt 0:00:08]} 19. Rxe4 {[%emt 0:00:08]} Bf5 {[%emt 0:01:01]} 20. Rd4 {[%emt 0:00:23]} c5 {[%emt 0:06:08]} 21. Rd5 {[%emt 0:01:45]} Be4 {[%emt 0:05:19]} 22. Ne3 {[%emt 0:12:41]} Bxd5 {[%emt 0:05:19]} 23. Nxd5 {[%emt 0:01:38]} Qd6 {[%emt 0:03:41]} 24. Be3 {[%emt 0:02:23]} Ne5 {[%emt 0:05:22]} 25. Nxe5 {[%emt 0:09:18]} Qxe5 {[%emt 0:00:07]} 26. Bxc5 {[%emt 0:00:10]} Qh2+ {[%emt 0:00:51]} 27. Kf1 {[%emt 0:00:04]} Re8 {[%emt 0:00:25]} 28. Ne7+ {[%emt 0:00:09]} Rxe7 {[%emt 0:00:58]} 29. Bxe7 {[%emt 0:00:13]} Qh1+ {[%emt 0:00:14]} 30. Ke2 {[%emt 0:00:06]} Qxg2 {[%emt 0:00:32]} 31. Qd8+ {[%emt 0:02:32]} Kh7 {[%emt 0:00:29]} 32. Qd3+ {[%emt 0:00:08]} Kh8 {[%emt 0:00:45]} 33. Qf3 {[%emt 0:03:55]} Qh2 {[%emt 0:00:32]} 34. Qf8+ {[%emt 0:08:16]} Kh7 {[%emt 0:00:06]} 35. Qf5+ {[%emt 0:00:03]} Kg8 {[%emt 0:00:43]} 36. Qf8+ {[%emt 0:16:33]} 1/2-1/2

[Event "Fagernes GM Swiss 2020"]
[Site "Fagernes"]
[Date "2020.10.09"]
[Round "7.21"]
[White "Fuglestein, Sander"]
[Black "Royset, Pal"]
[Result "1-0"]
[WhiteElo "2109"]
[BlackElo "2150"]
[Annotator "ChessBase"]
[PlyCount "71"]
[EventDate "2020.10.04"]
[EventType "swiss"]
[EventCountry "NOR"]
[SourceTitle "playchess.com"]
[Source "ChessBase"]
[SourceQuality "1"]
[TimeControl "40/6000+30:2400+30"]

1. d4 {[%emt 0:00:00]} Nf6 {[%emt 0:00:00]} 2. c4 {[%emt 0:00:00]} e6 {[%emt 0:00:11]} 3. g3 {[%emt 0:00:21]} Bb4+ {[%emt 0:00:56]} 4. Bd2 {[%emt 0:00:28]} Be7 {[%emt 0:00:18]} 5. Bg2 {[%emt 0:00:22]} d5 {[%emt 0:00:22]} 6. Nf3 {[%emt 0:00:04]} O-O {[%emt 0:00:45]} 7. O-O {[%emt 0:00:03]} Nbd7 {[%emt 0:01:02]} 8. Qc2 {[%emt 0:00:27]} c6 {[%emt 0:02:25]} 9. b3 {[%emt 0:00:31]} Ne4 {[%emt 0:01:34]} 10. Nc3 {[%emt 0:00:31]} f5 {[%emt 0:00:40]} 11. Be3 {[%emt 0:02:40]} Bd6 {[%emt 0:03:44]} 12. Nxe4 {[%emt 0:02:16]} fxe4 {[%emt 0:00:46]} 13. Ne1 {[%emt 0:03:07]} Nf6 {[%emt 0:08:01]} 14. f3 {[%emt 0:05:13]} exf3 {[%emt 0:02:43]} 15. Nxf3 {[%emt 0:01:47]} Bd7 {[%emt 0:04:27]} 16. Bg5 {[%emt 0:03:38]} h6 {[%emt 0:05:19]} 17. Bxf6 {[%emt 0:04:22]} Rxf6 {[%emt 0:02:49]} 18. e4 {[%emt 0:02:02]} Rf8 {[%emt 0:11:21]} 19. Kh1 {[%emt 0:05:01]} dxc4 {[%emt 0:08:41]} 20. Qxc4 {[%emt 0:06:43]} Qe8 {[%emt 0:02:08]} 21. a4 {[%emt 0:08:52]} a5 {[%emt 0:02:20]} 22. Qd3 {[%emt 0:03:57]} b5 {[%emt 0:03:24]} 23. e5 {[%emt 0:02:41]} Bb4 {[%emt 0:02:19]} 24. Nh4 {[%emt 0:02:30]} Rxf1+ {[%emt 0:04:39]} 25. Rxf1 {[%emt 0:01:07]} Be7 {[%emt 0:00:08]} 26. Ng6 {[%emt 0:13:06]} bxa4 {[%emt 0:05:24]} 27. bxa4 {[%emt 0:00:42]} Rb8 {[%emt 0:01:45]} 28. Be4 {[%emt 0:02:38]} c5 {[%emt 0:05:36]} 29. d5 {[%emt 0:10:58]} c4 {[%emt 0:04:37]} 30. Qxc4 {[%emt 0:05:43]} Rb4 {[%emt 0:01:23]} 31. Qd3 {[%emt 0:02:21]} Rxa4 {[%emt 0:06:57]} 32. d6 {[%emt 0:01:41]} Bd8 {[%emt 0:00:26]} 33. Rf8+ {[%emt 0:01:26]} Qxf8 {[%emt 0:00:15]} 34. Nxf8 {[%emt 0:00:10]} Kxf8 {[%emt 0:01:27]} 35. Qf3+ {[%emt 0:00:06]} Kg8 {[%emt 0:00:06]} 36. Bg6 {[%emt 0:00:16]} 1-0

[Event "Fagernes GM Swiss 2020"]
[Site "Fagernes"]
[Date "2020.10.09"]
[Round "7.22"]
[White "Machlik, Monika"]
[Black "Melaa, Sondre"]
[Result "1-0"]
[WhiteElo "2082"]
[BlackElo "2210"]
[Annotator "ChessBase"]
[PlyCount "79"]
[EventDate "2020.10.04"]
[EventType "swiss"]
[EventCountry "NOR"]
[SourceTitle "playchess.com"]
[Source "ChessBase"]
[SourceQuality "1"]
[TimeControl "40/6000+30:2400+30"]

1. d4 {[%emt 0:00:00]} d5 {[%emt 0:02:06]} 2. c4 {[%emt 0:00:00]} e6 {[%emt 0:00:25]} 3. Nc3 {[%emt 0:00:00]} Nf6 {[%emt 0:00:08]} 4. cxd5 {[%emt 0:00:00]} exd5 {[%emt 0:00:09]} 5. Bg5 {[%emt 0:00:00]} c6 {[%emt 0:00:09]} 6. e3 {[%emt 0:00:00]} Be7 {[%emt 0:00:07]} 7. Qc2 {[%emt 0:00:00]} Nbd7 {[%emt 0:00:27]} 8. Bd3 {[%emt 0:03:00]} h6 {[%emt 0:00:12]} 9. Bh4 {[%emt 0:00:28]} Nh5 {[%emt 0:00:10]} 10. Bxe7 {[%emt 0:00:03]} Qxe7 {[%emt 0:00:09]} 11. Nge2 {[%emt 0:00:50]} Nb6 {[%emt 0:00:08]} 12. O-O {[%emt 0:00:39]} O-O {[%emt 0:00:13]} 13. Rae1 {[%emt 0:00:08]} Bd7 {[%emt 0:00:11]} 14. Nc1 {[%emt 0:00:30]} Rae8 {[%emt 0:03:04]} 15. Nb3 {[%emt 0:06:38]} Nc8 {[%emt 0:07:45]} 16. Nc5 {[%emt 0:07:27]} Nd6 {[%emt 0:00:09]} 17. b4 {[%emt 0:01:17]} b6 {[%emt 0:18:41]} 18. Nxd7 {[%emt 0:09:21]} Qxd7 {[%emt 0:00:10]} 19. a4 {[%emt 0:04:13]} Nf6 {[%emt 0:03:52]} 20. Rc1 {[%emt 0:02:18]} Qb7 {[%emt 0:13:40]} 21. Qe2 {[%emt 0:10:29]} Nde4 {[%emt 0:25:25]} 22. Rc2 {[%emt 0:14:42]} Qe7 {[%emt 0:08:06]} 23. Rb1 {[%emt 0:01:25]} Rc8 {[%emt 0:04:12]} 24. h3 {[%emt 0:22:06]} Nxc3 {[%emt 0:03:13]} 25. Rxc3 {[%emt 0:00:04]} c5 {[%emt 0:00:19]} 26. bxc5 {[%emt 0:03:44]} bxc5 {[%emt 0:00:18]} 27. dxc5 {[%emt 0:01:13]} Rxc5 {[%emt 0:00:09]} 28. Rxc5 {[%emt 0:01:22]} Qxc5 {[%emt 0:00:06]} 29. Qc2 {[%emt 0:00:48]} Qe7 {[%emt 0:03:26]} 30. Qc6 {[%emt 0:02:44]} Qe5 {[%emt 0:10:31]} 31. Qc5 {[%emt 0:02:24]} Ra8 {[%emt 0:03:14]} 32. a5 {[%emt 0:05:16]} g6 {[%emt 0:01:09]} 33. Rb7 {[%emt 0:05:16]} Rb8 {[%emt 0:01:43]} 34. a6 {[%emt 0:02:06]} Qa1+ {[%emt 0:01:13]} 35. Kh2 {[%emt 0:00:20]} Re8 {[%emt 0:00:34]} 36. Rxa7 {[%emt 0:03:19]} Qe5+ {[%emt 0:01:08]} 37. g3 {[%emt 0:00:30]} Ne4 {[%emt 0:01:06]} 38. Bxe4 {[%emt 0:01:22]} Qxe4 {[%emt 0:00:18]} 39. Qc6 {[%emt 0:02:23]} Rf8 {[%emt 0:00:45]} 40. Qf6 {[%emt 0:00:53]} 1-0

[Event "Fagernes GM Swiss 2020"]
[Site "Fagernes"]
[Date "2020.10.09"]
[Round "7.23"]
[White "Grover, Sigurd Loe"]
[Black "Kvendseth, Thyra"]
[Result "1-0"]
[WhiteElo "2145"]
[BlackElo "2017"]
[Annotator "ChessBase"]
[PlyCount "75"]
[EventDate "2020.10.04"]
[EventType "swiss"]
[EventCountry "NOR"]
[SourceTitle "playchess.com"]
[Source "ChessBase"]
[SourceQuality "1"]
[TimeControl "40/6000+30:2400+30"]

1. d4 {[%emt 0:00:00]} Nf6 {[%emt 0:00:00]} 2. c4 {[%emt 0:00:00]} g6 {[%emt 0:00:00]} 3. Nc3 {[%emt 0:00:00]} Bg7 {[%emt 0:00:00]} 4. e4 {[%emt 0:00:00]} d6 {[%emt 0:00:00]} 5. Be2 {[%emt 0:00:00]} O-O {[%emt 0:00:15]} 6. Be3 {[%emt 0:00:10]} c6 {[%emt 0:03:08]} 7. Nf3 {[%emt 0:00:39]} Bg4 {[%emt 0:02:43]} 8. O-O {[%emt 0:02:15]} Na6 {[%emt 0:02:57]} 9. a3 {[%emt 0:02:57]} c5 {[%emt 0:11:30]} 10. d5 {[%emt 0:01:45]} Nd7 {[%emt 0:04:03]} 11. Qd2 {[%emt 0:06:38]} Re8 {[%emt 0:11:09]} 12. Rac1 {[%emt 0:11:05]} Bxf3 {[%emt 0:09:12]} 13. Bxf3 {[%emt 0:00:07]} Ne5 {[%emt 0:00:07]} 14. Be2 {[%emt 0:00:09]} Qd7 {[%emt 0:07:13]} 15. h3 {[%emt 0:02:25]} f5 {[%emt 0:02:44]} 16. f4 {[%emt 0:05:03]} Nf7 {[%emt 0:00:06]} 17. exf5 {[%emt 0:01:22]} Qxf5 {[%emt 0:04:16]} 18. Bg4 {[%emt 0:05:09]} Bxc3 {[%emt 0:03:03]} 19. Rxc3 {[%emt 0:08:42]} Qf6 {[%emt 0:00:38]} 20. b4 {[%emt 0:01:40]} b6 {[%emt 0:02:05]} 21. Rb3 {[%emt 0:02:47]} Nc7 {[%emt 0:02:46]} 22. f5 {[%emt 0:15:02]} g5 {[%emt 0:02:50]} 23. Bh5 {[%emt 0:02:08]} h6 {[%emt 0:00:56]} 24. Bxf7+ {[%emt 0:04:24]} Kxf7 {[%emt 0:00:36]} 25. Qe2 {[%emt 0:00:47]} Kg7 {[%emt 0:04:13]} 26. Bc1 {[%emt 0:00:53]} Kh7 {[%emt 0:01:15]} 27. Bb2 {[%emt 0:01:01]} Qf7 {[%emt 0:00:14]} 28. Re3 {[%emt 0:00:26]} b5 {[%emt 0:04:25]} 29. bxc5 {[%emt 0:05:16]} bxc4 {[%emt 0:01:28]} 30. f6 {[%emt 0:06:36]} Nxd5 {[%emt 0:02:29]} 31. fxe7 {[%emt 0:01:53]} Nf4 {[%emt 0:01:55]} 32. Qc2+ {[%emt 0:02:50]} Kg8 {[%emt 0:02:42]} 33. cxd6 {[%emt 0:03:29]} Rab8 {[%emt 0:00:44]} 34. Qc3 {[%emt 0:03:56]} Rxb2 {[%emt 0:02:21]} 35. Qxb2 {[%emt 0:00:09]} Qd5 {[%emt 0:00:19]} 36. g3 {[%emt 0:04:53]} Qc5 {[%emt 0:01:54]} 37. Qe5 {[%emt 0:02:43]} Nd5 {[%emt 0:03:02]} 38. Qe6+ {[%emt 0:01:48]} 1-0

[Event "Fagernes GM Swiss 2020"]
[Site "Fagernes"]
[Date "2020.10.09"]
[Round "7.24"]
[White "Bjerke, Richard"]
[Black "Flatebo, Hallvard Haug"]
[Result "1-0"]
[WhiteElo "2144"]
[BlackElo "1877"]
[Annotator "ChessBase"]
[PlyCount "137"]
[EventDate "2020.10.04"]
[EventType "swiss"]
[EventCountry "NOR"]
[SourceTitle "playchess.com"]
[Source "ChessBase"]
[SourceQuality "1"]
[TimeControl "40/6000+30:2400+30"]

1. d4 {[%emt 0:00:00]} f5 {[%emt 0:00:00]} 2. g3 {[%emt 0:00:00]} Nf6 {[%emt 0:00:00]} 3. Bg2 {[%emt 0:00:04]} g6 {[%emt 0:00:00]} 4. Nf3 {[%emt 0:00:09]} d6 {[%emt 0:00:00]} 5. O-O {[%emt 0:00:09]} Bg7 {[%emt 0:00:00]} 6. c4 {[%emt 0:00:12]} O-O {[%emt 0:00:00]} 7. Nc3 {[%emt 0:00:07]} e6 {[%emt 0:00:21]} 8. Rb1 {[%emt 0:02:40]} a5 {[%emt 0:03:53]} 9. a3 {[%emt 0:02:28]} Qe7 {[%emt 0:08:03]} 10. b4 {[%emt 0:07:32]} axb4 {[%emt 0:03:09]} 11. axb4 {[%emt 0:00:11]} c6 {[%emt 0:07:41]} 12. c5 {[%emt 0:03:10]} Ne4 {[%emt 0:05:19]} 13. Qb3 {[%emt 0:10:07]} dxc5 {[%emt 0:22:02]} 14. bxc5 {[%emt 0:00:31]} Nd7 {[%emt 0:02:24]} 15. Bb2 {[%emt 0:03:09]} Nxc3 {[%emt 0:02:25]} 16. Bxc3 {[%emt 0:02:15]} Kh8 {[%emt 0:02:11]} 17. Qc4 {[%emt 0:09:05]} e5 {[%emt 0:05:57]} 18. dxe5 {[%emt 0:04:59]} Nxe5 {[%emt 0:00:40]} 19. Nxe5 {[%emt 0:01:09]} Bxe5 {[%emt 0:00:06]} 20. Ra1 {[%emt 0:03:31]} Bd7 {[%emt 0:05:20]} 21. Rfd1 {[%emt 0:03:18]} Rxa1 {[%emt 0:02:02]} 22. Rxa1 {[%emt 0:00:11]} Qf6 {[%emt 0:00:53]} 23. Bxe5 {[%emt 0:02:52]} Qxe5 {[%emt 0:00:22]} 24. Rd1 {[%emt 0:05:34]} Be6 {[%emt 0:01:31]} 25. Qd4 {[%emt 0:01:23]} Qxd4 {[%emt 0:00:36]} 26. Rxd4 {[%emt 0:00:09]} Ra8 {[%emt 0:00:44]} 27. Bf3 {[%emt 0:02:06]} Ra5 {[%emt 0:01:13]} 28. Rd6 {[%emt 0:00:46]} Bc4 {[%emt 0:01:02]} 29. Rd8+ {[%emt 0:01:56]} Bg8 {[%emt 0:05:16]} 30. Rd7 {[%emt 0:02:52]} Rb5 {[%emt 0:01:48]} 31. h4 {[%emt 0:06:13]} h6 {[%emt 0:01:38]} 32. h5 {[%emt 0:03:06]} g5 {[%emt 0:02:22]} 33. Re7 {[%emt 0:03:30]} Bd5 {[%emt 0:08:39]} 34. Bxd5 {[%emt 0:04:57]} cxd5 {[%emt 0:00:04]} 35. Rd7 {[%emt 0:00:14]} Rxc5 {[%emt 0:00:33]} 36. Rxb7 {[%emt 0:00:12]} d4 {[%emt 0:01:12]} 37. Rd7 {[%emt 0:01:11]} Rc2 {[%emt 0:01:32]} 38. Kf1 {[%emt 0:02:02]} Rc1+ {[%emt 0:07:45]} 39. Kg2 {[%emt 0:00:16]} Re1 {[%emt 0:00:15]} 40. Rxd4 {[%emt 0:04:13]} Rxe2 {[%emt 0:00:09]} 41. Rd5 {[%emt 0:40:31]} f4 {[%emt 0:41:57]} 42. gxf4 {[%emt 0:01:18]} gxf4 {[%emt 0:00:15]} 43. Kf3 {[%emt 0:00:43]} Ra2 {[%emt 0:00:23]} 44. Rf5 {[%emt 0:01:09]} Kg7 {[%emt 0:00:47]} 45. Rxf4 {[%emt 0:01:29]} Ra3+ {[%emt 0:00:08]} 46. Kg4 {[%emt 0:00:49]} Ra1 {[%emt 0:00:42]} 47. Rf5 {[%emt 0:01:15]} Rg1+ {[%emt 0:01:09]} 48. Kf4 {[%emt 0:00:41]} Ra1 {[%emt 0:00:54]} 49. Rb5 {[%emt 0:11:38]} Ra4+ {[%emt 0:00:37]} 50. Kf5 {[%emt 0:00:28]} Ra7 {[%emt 0:01:23]} 51. f4 {[%emt 0:00:22]} Rf7+ {[%emt 0:00:42]} 52. Kg4 {[%emt 0:01:40]} Ra7 {[%emt 0:00:47]} 53. Rc5 {[%emt 0:03:51]} Rd7 {[%emt 0:02:19]} 54. Rc6 {[%emt 0:01:12]} Ra7 {[%emt 0:02:54]} 55. Rg6+ {[%emt 0:00:00]} Kh7 {[%emt 0:00:00]} 56. Re6 {[%emt 0:00:00]} Kg7 {[%emt 0:00:00]} 57. Kf5 {[%emt 0:00:00]} Ra5+ {[%emt 0:00:00]} 58. Re5 {[%emt 0:00:00]} Ra7 {[%emt 0:00:00]} 59. Rc5 {[%emt 0:00:00]} Re7 {[%emt 0:00:00]} 60. Rc6 {[%emt 0:00:00]} Rf7+ {[%emt 0:00:00]} 61. Ke5 {[%emt 0:00:00]} Ra7 {[%emt 0:00:00]} 62. f5 {[%emt 0:00:00]} Re7+ {[%emt 0:00:00]} 63. Re6 {[%emt 0:00:00]} Ra7 {[%emt 0:00:00]} 64. Rg6+ {[%emt 0:00:00]} Kh7 {[%emt 0:00:00]} 65. Rd6 {[%emt 0:00:00]} Kg7 {[%emt 0:00:00]} 66. Ke6 {[%emt 0:00:00]} Ra8 {[%emt 0:00:00]} 67. f6+ {[%emt 0:00:00]} Kh7 {[%emt 0:00:00]} 68. Rd7+ {[%emt 0:00:00]} Kg8 {[%emt 0:00:00]} 69. Kf5 {[%emt 0:00:00]} 1-0

[Event "Fagernes GM Swiss 2020"]
[Site "Fagernes"]
[Date "2020.10.10"]
[Round "8.1"]
[White "Postny, Evgeny"]
[Black "Holm, Kristian Stuvik"]
[Result "1/2-1/2"]
[WhiteElo "2603"]
[BlackElo "2465"]
[Annotator "TA"]
[PlyCount "39"]
[EventDate "2020.10.04"]
[EventType "swiss"]
[EventCountry "NOR"]
[SourceTitle "playchess.com"]
[Source "ChessBase"]
[SourceQuality "1"]

{[%evp 11,39,0,8,0,0,0,0,0,0,0,48,5,16,5,8,-32,-23,-17,0,0,0,0,0,0,0,0,0,0,0,0]} 1. d4 Nf6 2. c4 e6 3. Nc3 Bb4 4. e3 O-O 5. Bd3 d5 6. cxd5 exd5 7. Nf3 {E48: Nimzo-Indian: Rubinstein: 5 Bd3 d5 including 6 Ne2, but excluding 6 a3.} Re8 8. O-O Bd6 9. h3 {[#]} b6 $146 ({Predecessor:} 9... a6 10. b3 Nbd7 11. Bb2 Nf8 12. Re1 Ng6 13. Qc2 Be6 14. Rad1 c6 15. Ng5 Bd7 {1-0 (83) Volkov,N (2153)-Dobrov,V (2478) chess.com INT 2019}) 10. Qc2 c5 11. b3 Nc6 12. a3 Bb7 13. Bb2 cxd4 14. exd4 g6 {The position is equal.} 15. b4 Rc8 16. Qa4 Bb8 17. Rfe1 Qd6 {[#] And now ...Nxd4! would win.} 18. Nb5 Qf8 19. Nc3 Qd6 {Hoping for ...Nxd4!} 20. Nb5 {An uneventful encounter. Accuracy: White = 86%, Black = 92%.} 1/2-1/2